Laws of nanosize molybdenum (VI) oxide layers optical properties change as a result of heat treatment; Bulletin of the Tomsk Polytechnic University; Vol. 310, № 3

Podrobná bibliografie
Parent link:Bulletin of the Tomsk Polytechnic University/ Tomsk Polytechnic University (TPU).— , 2006-2007
Vol. 310, № 3.— 2007.— [P. 61-65]
Hlavní autor: Borisova N. V.
Další autoři: Surovoy E. P.
Shrnutí:Заглавие с титульного листа
Электронная версия печатной публикации
The spectrophotometric method determines two absorption and reflection spectral areas of nanosize MoO3 layers - short-wave λ<330 nanometers and long-wave λ>330 nanometers. It is stated by spectrophotometric, gravimetric and microscopic methods that in atmospheric conditions MoO3 layers transformation degree (d=10...130 nm) grows at time (1...140 minutes) and heat treatment temperatures (Т=373...600 К) (at constant layer thickness) increasing as well as at reduction of layers thickness. The reduction of absorption maxima at λ=350 nm and increase at λ=870 nanometers at heat treatment of MoO3 layers is revealed. The colour centers formation model is offered. It includes the center formation - anionic vacancy with one seized electron ([(Vа) ++ е]) during preparation of MoO3 layer, thermal electron transition from a valent zone on a level of the center, the second electron capture by the center ([(е Vа) ++ е]).
Jazyk:angličtina
Vydáno: 2007
Edice:Chemistry
Témata:
On-line přístup:http://www.lib.tpu.ru/fulltext/v/Bulletin_TPU/2007/v310eng/i3/15.pdf
Médium: MixedMaterials Elektronický zdroj Kapitola
KOHA link:https://koha.lib.tpu.ru/cgi-bin/koha/opac-detail.pl?biblionumber=182096

MARC

LEADER 00000nla2a2200000 4500
001 182096
005 20231031171217.0
035 |a (RuTPU)RU\TPU\book\197379 
035 |a RU\TPU\book\197375 
090 |a 182096 
100 |a 20100616d2007 k y0rusy50 ca 
101 1 |a eng  |c rus 
102 |a RU 
135 |a drnn ---uucaa 
200 1 |a Laws of nanosize molybdenum (VI) oxide layers optical properties change as a result of heat treatment  |b Electronic resource  |f N. V. Borisova, E. P. Surovoy 
203 |a Text  |c electronic 
215 |a 1 файл (195 Кб) 
225 1 |a Chemistry 
230 |a Электронные текстовые данные (1 файл : 195 Кб) 
300 |a Заглавие с титульного листа 
300 |a Электронная версия печатной публикации 
320 |a [Bibliography: p. 65 (25 titles)] 
330 |a The spectrophotometric method determines two absorption and reflection spectral areas of nanosize MoO3 layers - short-wave λ<330 nanometers and long-wave λ>330 nanometers. It is stated by spectrophotometric, gravimetric and microscopic methods that in atmospheric conditions MoO3 layers transformation degree (d=10...130 nm) grows at time (1...140 minutes) and heat treatment temperatures (Т=373...600 К) (at constant layer thickness) increasing as well as at reduction of layers thickness. The reduction of absorption maxima at λ=350 nm and increase at λ=870 nanometers at heat treatment of MoO3 layers is revealed. The colour centers formation model is offered. It includes the center formation - anionic vacancy with one seized electron ([(Vа) ++ е]) during preparation of MoO3 layer, thermal electron transition from a valent zone on a level of the center, the second electron capture by the center ([(е Vа) ++ е]). 
337 |a Adobe Reader 
461 1 |0 (RuTPU)RU\TPU\book\169973  |t Bulletin of the Tomsk Polytechnic University  |f Tomsk Polytechnic University (TPU)  |d 2006-2007 
463 1 |0 (RuTPU)RU\TPU\book\197326  |t Vol. 310, № 3  |v [P. 61-65]  |d 2007  |p 101 p. 
610 1 |a laws 
610 1 |a optical properties 
610 1 |a nanosize layers 
610 1 |a molybdenum oxide 
610 1 |a heat treatment 
610 1 |a spectrophotometric methods 
610 1 |a spectral areas 
610 1 |a absorption 
610 1 |a reflection 
610 1 |a short-wave areas 
610 1 |a long-wave areas 
610 1 |a gravimetric methods 
610 1 |a microscopic methods 
610 1 |a atmospheric conditions 
610 1 |a time 
610 1 |a temperatures 
610 1 |a thickness 
610 1 |a reduction 
610 1 |a nanometers 
610 1 |a anion vacancies 
610 1 |a one seized electron 
610 1 |a valent zones 
610 1 |a thermal transition 
610 1 |a электронный ресурс 
700 1 |a Borisova  |b N. V. 
701 1 |a Surovoy  |b E. P. 
801 1 |a RU  |b 63413507  |c 20090623  |g PSBO 
801 2 |a RU  |b 63413507  |c 20230403  |g PSBO 
856 4 |u http://www.lib.tpu.ru/fulltext/v/Bulletin_TPU/2007/v310eng/i3/15.pdf 
942 |c CF